| 000 | 00506nam a22001577a 4500 | ||
|---|---|---|---|
| 005 | 20251103121625.0 | ||
| 008 | 251103b |||||||| |||| 00| 0 eng d | ||
| 020 | _a9780750652643 | ||
| 050 |
_aRT86 _b.B755 |
||
| 100 | _aBurnard, Philip | ||
| 245 |
_aLearning Human Skills _ban experiential and reflective guide for nurses and health care professionals _cPhilip Burnard |
||
| 250 | _a4th ed. | ||
| 260 |
_aOxford _bButterworth Heinemann _c2002 |
||
| 300 |
_a286p. _bill. _c23.5cm |
||
| 942 |
_2lcc _cBK _e4th ed. _n0 |
||
| 999 |
_c7977 _d7977 |
||